16èmes de finales Europa League 2023/2024 - Statistiques

Statistiques générales
  • Ce quiz a été pris 145 fois
  • Le résultat moyen est 6 sur 8
Statistiques - réponses
Hint Réponse % Correct
Ac Milan Rennes
91%
Shaktar Marseille
90%
RC Lens SC Fribourg
86%
Benfica Toulouse
82%
Feyenoord AS Roma
66%
Braga Qarabag
54%
Young Boys Sporting
53%
Galatasaray Sparta Prague
50%
Aucun quiz correspondant
Distribution des résultats
% des personnes avec chaque résultat
Percentile par nombre de réponses
Votre historique - résultats
Vous n’avez pas pris ce quiz